| 000 | 00480nam a2200181Ia 4500 | ||
|---|---|---|---|
| 008 | 240925s9999 xx 000 0 und d | ||
| 020 | _a412402408 | ||
| 082 | _a658.4033 CUR | ||
| 100 | _aCurwin, John ; Slater, Roger | ||
| 245 | 0 | _aQuantitative Methods for Business Decisions | |
| 250 | _a3rd | ||
| 260 |
_aLondon: _bChapman & Hall _c,1991. |
||
| 300 |
_axii, 553p. _b0 _fOriginal |
||
| 500 | _aIncludes Index | ||
| 600 | _aManagement | ||
| 650 | _aManagement | ||
| 942 | _cBK | ||
| 999 |
_c14516 _d14516 |
||